• 首页
  • 本馆介绍
  • 公告通知
  • 最新文献
  • 馆藏检索
  • 电子资源
  • 读者导购
  • 参考咨询
  • 我的图书馆
  • 登录
  • 详细信息显示
  • 放入我的书架
  • 预约/预借图书
  • 作者相关作品
  • 分类相关作品
  • 丛书相关作品
  • 出版社相关作品

书目信息

  • 表格格式
  • 工作单格式
  • 卡片格式
题名:
谈谈空气
    
 
作者: 玮居 编写
分册:  
出版信息: 济南   山东人民出版社  1957
页数: 32页
开本: 19cm
丛书名:
单 册:
中图分类: P421
科图分类:
主题词: 大气--基本知识
电子资源:
ISBN: T13099.28
000 00614cam0 2200241 450
001 0105415129
005 20070808084923.0
010    @aT13099.28@dCNY0.09
091    @aT13099.28@dCNY0.09
100    @a19970130d1957 em y0chiy0110 ea
101 0  @achi
102    @aCN@b370000
105    @aa z 000yy
106    @ar
200 1  @a谈谈空气@9Tan Tan Kong Qi @f玮居编写@b专著
210    @a济南@c山东人民出版社@d1957
215    @a32页@c图@d19cm
300    @a科学知识
606 0  @a大气@x基本知识
690    @aP421@v3
701  0 @a玮居@9wei ju@4编写
801  0 @aCN@bAiZhiMarc
905    @aBZT@dP421@e2@f1@sP421/2
    
    谈谈空气/玮居编写.-济南:山东人民出版社,1957
    32页:图;19cm
    科学知识
    
    ISBN T13099.28:CNY0.09
    
●
相关链接 在五车中查询图书 在当当中查询图书 在豆瓣中查询图书


正题名:谈谈空气     索取号:P421/2         预约/预借

序号 登录号 条形码 馆藏地/架位号 状态 备注
1 2000115524   2000115524   旧书回溯/ [索取号:P421/2] 在馆    
山东省滨州职业学院图书馆 欢迎您!
大连网信软件有限公司© 版权所有